| 000 | 00601nam a2200217Ia 4500 | ||
|---|---|---|---|
| 003 | BUBTL | ||
| 008 | 151213s9999 xx 000 0 und d | ||
| 020 | _a978-81-3175426-9 | ||
| 082 |
_a658.3 _bhga |
||
| 100 | _aGary Dessler/ Biju Varkkey | ||
| 245 |
_aHuman Resource Management / _cGary Dessler/ Biju Varkkey |
||
| 250 | _a12th | ||
| 260 |
_aNew Delhi _bPearson _c2011 |
||
| 300 |
_axxv,736p. : ills. chart, graph. _c27 cm. |
||
| 500 | _aIncludes index | ||
| 650 | _aManagement | ||
| 700 |
_a Dessler, Gary _9487 |
||
| 856 |
_k0 _l0 _yDownload |
||
| 942 |
_2ddc _cBK |
||
| 999 |
_c4990 _d4990 |
||